Immigration Österreich - Statistiken

Allgemein
  • Dieses Quiz wurde 171 mal gespielt
    146 seit der letzten Aktualisierung
  • Das Durchschnittsergebnis liegt bei 16 aus 20
Antwortstatistiken
Platz Land Anzahl % Korrekt
1. Deutschland 208.767
98%
4. Türkei 117.551
93%
3. Serbien 122.116
89%
6. Ungarn 91.396
88%
9. Syrien 55.256
87%
7. Kroatien 89.002
85%
5. Bosnien und Herzegowina 97.015
84%
12. Italien 34.261
83%
17. Slowenien 22.279
83%
2. Rumänien 131.788
82%
14. Russland 33.324
82%
20. Tschechien 14.639
81%
8. Polen 65.597
79%
13. Bulgarien 34.249
76%
10. Slowakei 45.378
76%
11. Afghanistan 43.971
74%
15. Kosovo 26.325
69%
19. Iran 14.922
68%
16. Nordmazedonien 24.580
59%
18. Vereinigtes Königreich 21.000
50%
Keine übereinstimmenden Quizze gefunden
Verteilung der Resultate
Anzahl Personen mit jedem Resultat
Perzentil nach korrekt beantworteten Fragen
Ihre Resultats-Entwicklung
Sie haben dieses Quiz seit der letzten Aktualisierung nicht gespielt